| 000 -LEADER |
| fixed length control field |
01197nam a2200205Ia 4500 |
| 001 - CONTROL NUMBER |
| control field |
16940 |
| 003 - CONTROL NUMBER IDENTIFIER |
| control field |
GE_BSU |
| 008 - FIXED-LENGTH DATA ELEMENTS--GENERAL INFORMATION |
| fixed length control field |
181216s||||||||xx |||||||||||||| ||und|| |
| 040 ## - CATALOGING SOURCE |
| Transcribing agency |
GE_BSU |
| 080 ## - UNIVERSAL DECIMAL CLASSIFICATION NUMBER |
| Universal Decimal Classification number |
821.353.1 + 821.353.1(092საიათნოვა) + 821.353.1.09 + 392(=353.1) + 94(479.22-25) + 394.014(479.22-25) |
| 245 ## - TITLE STATEMENT |
| Title |
თხზულებათა კრებული: 5 ტომად. ტ. 3 : საიათნოვა. ძველი თბილისის ლიტერატურული ბოჰემა |
| 260 ## - PUBLICATION, DISTRIBUTION, ETC. |
| Place of publication, distribution, etc. |
თბილისი |
| 260 ## - PUBLICATION, DISTRIBUTION, ETC. |
| Name of publisher, distributor, etc. |
საბჭ. საქართველო |
| 260 ## - PUBLICATION, DISTRIBUTION, ETC. |
| Date of publication, distribution, etc. |
1963 |
| 300 ## - PHYSICAL DESCRIPTION |
| Extent |
324 გვ.23 სმ. |
| 653 ## - INDEX TERM--UNCONTROLLED |
| Uncontrolled term |
თხზულებათა კრებული |
| 653 ## - INDEX TERM--UNCONTROLLED |
| Uncontrolled term |
საიათნოვა. ძველი თბილისის ლიტერატურული ბოჰემა. |
| 653 ## - INDEX TERM--UNCONTROLLED |
| Uncontrolled term |
საიათნოვა; ქართული ლიტერატურის ისტორია და კრიტიკა; თბილისური ყოფა და ტრადიციები; თბილისის ისტორია |
| 942 ## - ADDED ENTRY ELEMENTS (KOHA) |
| Koha item type |
წიგნი |